<?xml version="1.0" encoding="UTF-8"?>
<record
    xmlns:xsi="http://www.w3.org/2001/XMLSchema-instance"
    xsi:schemaLocation="http://www.loc.gov/MARC21/slim http://www.loc.gov/standards/marcxml/schema/MARC21slim.xsd"
    xmlns="http://www.loc.gov/MARC21/slim">

  <leader>02035nam a22002777a 4500</leader>
  <controlfield tag="005">20221022124758.0</controlfield>
  <controlfield tag="008">221022b           ||||| |||| 00| 0 eng d</controlfield>
  <datafield tag="020" ind1=" " ind2=" ">
    <subfield code="a">9788178245492</subfield>
  </datafield>
  <datafield tag="040" ind1=" " ind2=" ">
    <subfield code="c">AL</subfield>
  </datafield>
  <datafield tag="041" ind1=" " ind2=" ">
    <subfield code="a">eng</subfield>
  </datafield>
  <datafield tag="082" ind1=" " ind2=" ">
    <subfield code="2">23</subfield>
    <subfield code="a">954.82</subfield>
    <subfield code="b">PANS</subfield>
  </datafield>
  <datafield tag="100" ind1=" " ind2=" ">
    <subfield code="a">M S S Pandian</subfield>
    <subfield code="9">60237</subfield>
  </datafield>
  <datafield tag="245" ind1=" " ind2=" ">
    <subfield code="a">Strangeness of Tamil Nadu:</subfield>
    <subfield code="b">Contemporary history and political culture in South India</subfield>
  </datafield>
  <datafield tag="260" ind1=" " ind2=" ">
    <subfield code="a">Raniket</subfield>
    <subfield code="b">Permanent Black</subfield>
    <subfield code="c">2022</subfield>
  </datafield>
  <datafield tag="300" ind1=" " ind2=" ">
    <subfield code="a">xiv,250p.</subfield>
    <subfield code="b">PB</subfield>
    <subfield code="c">22x14cm.</subfield>
  </datafield>
  <datafield tag="365" ind1=" " ind2=" ">
    <subfield code="2">History</subfield>
    <subfield code="a">4940</subfield>
    <subfield code="b">476.00</subfield>
    <subfield code="c">&#x20B9;</subfield>
    <subfield code="d">595.00</subfield>
    <subfield code="e">20%</subfield>
    <subfield code="f">17-10-2022</subfield>
  </datafield>
  <datafield tag="520" ind1=" " ind2=" ">
    <subfield code="a">M.S.S. Pandian (1958&#x2013;2014) was an eminent historian of South Indian politics, caste, culture, and cinema. His writings offer distinctively Tamil insights on these areas. In this book his chief focus is Tamil political culture for roughly thirty years since 1985. His success lies in bringing a historical understanding to bear on what he called &#x201C;the strangeness of Tamil Nadu&#x201D;. a key figure in pandian&#x2019;s thinking was e.V. Ramasamy &#x201C;Periyar&#x201D;. pandian argues that periyar&#x2019;s ideals and strategies long remained popular among Tamil progressives, but that their survival became difficult because of radical changes in pan-indian political culture. To show these changes, this book is organised chronologically as well as along thematic sections that reflect the themes of periyar&#x2019;s Dravidian ideology: linguistic identity, state politics, religion, and caste. Periyar&#x2019;s ideas, pandian argues, can still provide productive standards for critical analysis of politics in India. But because they are not widely known or appreciated outside Tamil Nadu, they represent the &#x201C;strangeness&#x201D; of Tamil politics instead of being adapted as progressive in the country as a whole.</subfield>
  </datafield>
  <datafield tag="650" ind1=" " ind2=" ">
    <subfield code="a">Identity and Language</subfield>
    <subfield code="9">60211</subfield>
  </datafield>
  <datafield tag="650" ind1=" " ind2=" ">
    <subfield code="a">Party Politics</subfield>
    <subfield code="9">60212</subfield>
  </datafield>
  <datafield tag="650" ind1=" " ind2=" ">
    <subfield code="a">Caste</subfield>
    <subfield code="9">60213</subfield>
  </datafield>
  <datafield tag="650" ind1=" " ind2=" ">
    <subfield code="a">Eelam Hope and Despair</subfield>
    <subfield code="9">60214</subfield>
  </datafield>
  <datafield tag="700" ind1=" " ind2=" ">
    <subfield code="a">PANDIAN (M S S)</subfield>
    <subfield code="9">60215</subfield>
  </datafield>
  <datafield tag="700" ind1=" " ind2=" ">
    <subfield code="a">LUDDEN (David) Ed</subfield>
    <subfield code="9">60238</subfield>
  </datafield>
  <datafield tag="700" ind1=" " ind2=" ">
    <subfield code="a">ANANDHI (S) Ed</subfield>
    <subfield code="9">60239</subfield>
  </datafield>
  <datafield tag="942" ind1=" " ind2=" ">
    <subfield code="2">ddc</subfield>
    <subfield code="c">BK</subfield>
  </datafield>
  <datafield tag="999" ind1=" " ind2=" ">
    <subfield code="c">224910</subfield>
    <subfield code="d">224910</subfield>
  </datafield>
  <datafield tag="952" ind1=" " ind2=" ">
    <subfield code="0">0</subfield>
    <subfield code="1">0</subfield>
    <subfield code="2">ddc</subfield>
    <subfield code="4">0</subfield>
    <subfield code="7">0</subfield>
    <subfield code="8">HIS</subfield>
    <subfield code="a">AL</subfield>
    <subfield code="b">AL</subfield>
    <subfield code="d">2022-10-21</subfield>
    <subfield code="e">Biblios Book Point, Surathkal, Mangalore-575014</subfield>
    <subfield code="g">476.00</subfield>
    <subfield code="l">0</subfield>
    <subfield code="o">954.82 PANS</subfield>
    <subfield code="p">076154</subfield>
    <subfield code="r">2022-10-22 00:00:00</subfield>
    <subfield code="v">595.00</subfield>
    <subfield code="w">2022-10-22</subfield>
    <subfield code="y">BK</subfield>
  </datafield>
</record>
